| 000 | 00483nam a2200169 4500 | ||
|---|---|---|---|
| 001 | 126525 | ||
| 003 | ES-MaACL | ||
| 005 | 20241115063036.0 | ||
| 007 | t| | ||
| 008 | 070214s1976 sp r ||||1| spa d | ||
| 100 | 1 |
_aRepollés, José _9239299 |
|
| 245 | 1 | 4 |
_aLos hititas / _cProfesor J. Arias Condeminas [seud.]. |
| 260 |
_aBarcelona : _bGassó, _c1976. |
||
| 300 |
_a414 p., 9 lám. ; _c22 cm. |
||
| 852 |
_aES-MaACL _jA-5912 _bR.94813 |
||
| 999 |
_c126525 _d126525 |
||